000
00357nam a2200133Ia 4500
008
230411s9999 xx 000 0 und d
041
_a
eng
082
_a
F/610.7302/GUP/SAH/B00024
100
_a
Gupta L C & Sahu V C
245
_a
Practical Nursing Procedures
260
_b
Jaypee Brothers
_a
New Delhi
_c
1991
300
_a
431p
999
_c
151548
_d
151548